000 00650nam a2200217Ia 4500
005 20260601193251.0
008 260601s9999||||xx |||||||||||||| ||und||
020 _a978-3-031-66146-4
_qebk
100 _aDietmar Fey
245 0 _aArchitecture of Computing Systems
250 _a2024
260 _aHeidelberg, Germany
_bSpringer Nature
_c2024
440 _aLecture Notes in Computer Science
650 _aComputer Science
700 _aBenno Stabernack
700 _aMathias Pacher
700 _aStefan Lankes
700 _aThilo Pionteck
856 _uhttps://link.springer.com/openurl?genre=book&isbn=978-3-031-66146-4
942 _cEB
_2ddc
999 _c56739
_d56739